| 000 | 00703nam a2200193Ia 4500 | ||
|---|---|---|---|
| 003 | GCL | ||
| 008 | 140319s9999 xx 000 0 ara d | ||
| 040 |
_aGCL / _cGCL |
||
| 082 | 0 | 4 |
_a418.4 _bا ق |
| 100 | 1 | _aاحمد الخوص | |
| 245 | 1 | 0 |
_aقصة الاملاء : اسلوب متطور فى الاملاء والكتابة العربية / _cاحمد الخوص |
| 300 | _a271 ص | ||
| 490 |
_aالهيئة العامة للاستعلامات _v0 |
||
| 650 | 0 | 4 | _aاللغة العربية |
| 650 | 0 | 4 | _aقواعد الاملاء والهجاء |
| 650 | 0 | 4 | _aاللغة العربية - كتب دراسية |
| 650 | 0 | 4 | _aاللغة العربية - قواعد الاملاء |
| 942 |
_2ddc _cBK |
||
| 999 |
_c50138 _d50138 |
||